My two Indias: a journey to the ends of opportunity (Record no. 7612)

MARC details
000 -LEADER
fixed length control field 00589nam a2200205Ia 4500
020 ## - INTERNATIONAL STANDARD BOOK NUMBER
ISBN 9789350290125
082 ## - DEWEY DECIMAL CLASSIFICATION NUMBER
Classification number RR 920.0254 KAL-M
100 ## - MAIN ENTRY--AUTHOR NAME
Personal name Kalita, S. Mitra
245 #0 - TITLE STATEMENT
Title My two Indias: a journey to the ends of opportunity
260 ## - PUBLICATION, DISTRIBUTION, ETC. (IMPRINT)
Place of publication Noida
Name of publisher Collins Business
Year of publication 2010
300 ## - PHYSICAL DESCRIPTION
Number of Pages 211
504 ## - BIBLIOGRAPHY, ETC. NOTE
Bibliography, etc includes index
650 ## - SUBJECT ADDED ENTRY--TOPICAL TERM
Topical Term Kalita, S.Mitra
Form subdivision Biography
650 ## - SUBJECT ADDED ENTRY--TOPICAL TERM
Topical Term India
Form subdivision Biography
650 ## - SUBJECT ADDED ENTRY--TOPICAL TERM
Topical Term Kalita, S.Mitra
Form subdivision Views on India
650 ## - SUBJECT ADDED ENTRY--TOPICAL TERM
Topical Term India
Form subdivision Social conditions
650 ## - SUBJECT ADDED ENTRY--TOPICAL TERM
Topical Term India
Form subdivision Economic conditions
650 ## - SUBJECT ADDED ENTRY--TOPICAL TERM
Topical Term India
Form subdivision Politics and government
942 ## - ADDED ENTRY ELEMENTS (KOHA)
Koha item type Books
Holdings
Withdrawn status Lost status Damaged status Not for loan Home library Current library Date acquired Source of acquisition Bill Date Full call number Accession Number Price effective from Koha item type
        NASSDOC Library NASSDOC Library 22/03/2011 AAKAR 2011-02-22 RR 920.0254 KAL-M 47051 18/04/2019 Books